000 00441nam a2200133 a 4500
008 120416nuuuuuuuuxx |||||||||||||| || u
050 _aTS 205 Bed
100 _aBedford, John R
245 1 0 _aMetalwork projects
250 _a2nd ed.
260 _cNew York
350 _a0.00
995 _D0.00
_FCBU-MAIN LIBRARY (Kitwe)
_H1
_I1.10
_UWEEDED
_VAug 31, 2017
_ZMain Library Open Access Collection
999 _c51022
_d51022